Microsoft Project 2003 standard (Record no. 304972)

000 -LEADER
fixed length control field 00299 a2200133 4500
001 - CONTROL NUMBER
control field 69899
082 ## - DEWEY DECIMAL CLASSIFICATION NUMBER
Classification number 658.404 MIC
090 ## - LOCALLY ASSIGNED LC-TYPE CALL NUMBER (OCLC); LOCAL CALL NUMBER (RLIN)
-- 38703
-- 38703
245 ## - TITLE STATEMENT
Title Microsoft Project 2003 standard
Remainder of title software
260 ## - PUBLICATION, DISTRIBUTION, ETC.
Date of publication, distribution, etc. 2000
300 ## - PHYSICAL DESCRIPTION
Accompanying material on CD
500 ## - GENERAL NOTE
General note CD/DVD
740 ## - ADDED ENTRY--UNCONTROLLED RELATED/ANALYTICAL TITLE
Uncontrolled related/analytical title MS project software
942 ## - ADDED ENTRY ELEMENTS (KOHA)
Institution code [OBSOLETE] NUST-CAE
Call number prefix 658.404 MIC
Holdings
Withdrawn status Lost status Damaged status Not for loan Collection code Permanent Location Current Location Date acquired Total Checkouts Full call number Barcode Date last seen Price effective from Koha item type
          College of Aeronautical Engineering (CAE) College of Aeronautical Engineering (CAE) 04/03/2017   658.404 MIC CAEN-2977 04/05/2017 04/05/2017 Book
© 2023 Central Library, National University of Sciences and Technology. All Rights Reserved.